Yearbook of Foreign Trade of the Slovak Republic (Record no. 6484)

MARC details
000 -LEADER
fixed length control field 00522nam a22002057i 4500
001 - CONTROL NUMBER
control field 7629
003 - CONTROL NUMBER IDENTIFIER
control field OSt
005 - DATE AND TIME OF LATEST TRANSACTION
control field 20181105124230.0
007 - PHYSICAL DESCRIPTION FIXED FIELD--GENERAL INFORMATION
fixed length control field tu
008 - FIXED-LENGTH DATA ELEMENTS--GENERAL INFORMATION
fixed length control field 161220s2004 xo ||||| |||| 00| 0 slv d
024 7# - OTHER STANDARD IDENTIFIER
Standard number or code 7629
Source of number or code RID
024 7# - OTHER STANDARD IDENTIFIER
Standard number or code 7629
Source of number or code RSN (alt)
040 ## - CATALOGING SOURCE
Transcribing agency OSt
041 ## - LANGUAGE CODE
Language code of text/sound track or separate title slv
110 2# - MAIN ENTRY--CORPORATE NAME
Corporate name or jurisdiction name as entry element Statisticky urad Slovenskej republiky / Statistical Office of the Slovak Republic
245 00 - TITLE STATEMENT
Title Yearbook of Foreign Trade of the Slovak Republic
Remainder of title 2003
260 ## - PUBLICATION, DISTRIBUTION, ETC.
Place of publication, distribution, etc. Bratislava.
651 ## - SUBJECT ADDED ENTRY--GEOGRAPHIC NAME
Geographic name Slovakia
942 ## - ADDED ENTRY ELEMENTS (KOHA)
Koha item type Statistics
Holdings
Withdrawn status Lost status Damaged status Not for loan Home library Current library Shelving location Date acquired Inventory number Total Checkouts Barcode Date last seen Price effective from Koha item type
        WIIW WIIW Library 07/19/2007 7629   10003598 01/26/2017 01/26/2017 Statistics
The Vienna Instiute for International Economic Studies (wiiw)